Wakfu - Characters: the Twelve Gods - Statistics

General Stats
  • This quiz has been taken 30 times
  • The average score is 11 of 12
Answer Stats
Picture Answer % Correct
Ecaflip
100%
Enutrof
100%
Iop
100%
Cra
96%
Sadida
96%
Xelor
96%
Eniripsa
92%
Osamodas
92%
Pandawa
92%
Feca
83%
Sram
83%
Sacrier
50%
No matching quizzes found
Score Distribution
Percent of People with Each Score
Percentile by Number Answered
Your Score History
You have not taken this quiz